César du meilleur film par images - Statistiques

Statistiques générales
  • Ce quiz a été pris 8 447 fois
    3 467 depuis la dernière actualisation
  • Le résultat moyen est 13 sur 52
Statistiques - réponses
Par images Hint Réponse % Correct
2002 Le Fabuleux Destin d'Amélie Poulain
85%
1996 La Haine
84%
2012 The Artist
74%
1991 Cyrano de Bergerac
69%
2024 Anatomie d'une chute
66%
2003 Le Pianiste
53%
2026 L'Attachement
51%
2025 Emilia Pérez
43%
2010 Un prophète
42%
2021 Adieu les cons
38%
2018 120 battements par minute
36%
2020 Les Misérables
36%
2014 Les Garçons et Guillaume, à table !
34%
2022 Illusions perdues
31%
2023 La Nuit du 12
31%
2001 Le Goût des autres
24%
1985 Les Ripoux
24%
2013 Amour
23%
2019 Jusqu'à la garde
23%
1989 Camille Claudel
22%
1976 Le Vieux Fusil
22%
1986 Trois hommes et un couffin
21%
2017 Elle
20%
2000 Vénus Beauté (Institut)
20%
1982 La Guerre du feu
19%
2006 De battre mon cœur s'est arrêté
18%
2011 Des hommes et des dieux
18%
1981 Le Dernier Métro
17%
2008 La Graine et le Mulet
15%
1997 Ridicule
15%
1988 Au revoir les enfants
14%
1977 Monsieur Klein
12%
1993 Les Nuits fauves
11%
1998 On connaît la chanson
11%
2015 Timbuktu
11%
1990 Trop belle pour toi
11%
2005 L'Esquive
10%
1992 Tous les matins du monde
10%
2016 Fatima
8%
1983 La Balance
8%
2007 Lady Chatterley
8%
1999 La Vie rêvée des anges
8%
1984 Le Bal
8%
1995 Les Roseaux sauvages
8%
2009 Séraphine
8%
1994 Smoking / No Smoking
8%
1987 Thérèse
8%
1984 À nos amours
7%
2004 Les Invasions barbares
7%
1980 Tess
6%
1979 L'Argent des autres
5%
1978 Providence
5%
Aucun quiz correspondant
Distribution des résultats
% des personnes avec chaque résultat
Percentile par nombre de réponses
Votre historique - résultats
Vous n’avez pas pris ce quiz depuis la dernière actualisation